Estatísticas para Países que começam com E

Clique aqui para jogar o quiz

Estatísticas Gerais

  • Esse quiz foi jogado 4 062 vezes
    (2 590 desde o último reset)
  • A pontuação média é 9 de 13

Estatísticas das Respostas

País% Correto
Espanha
86%
Estados Unidos
83%
Estônia
83%
Eslováquia
81%
Eslovénia
78%
Equador
74%
Etiópia
74%
Emirados Árabes
Unidos
70%
Eritreia
65%
Estados Federados da
{Micronésia}
60%
El Salvador
56%
Egito
55%
Essuatíni
29%

Distribuição das Pontuações

Percentil de Números Respondidos

Porcentagem de Pessoas com Cada Pontuação

Sua Pontuação Histórica

Você não jogou esse quiz desde o último reset